Futuro comercial de los países en desarrollo
Spremljeno u:
| Glavni autor: | |
|---|---|
| Format: | Knjiga |
| Jezik: | španjolski |
| Izdano: |
Ciudad de México
Fondo de Cultura Económica
1966
|
| Serija: | Sección de Obras de Economía
|
| Teme: | |
| Oznake: |
Dodaj oznaku
Bez oznaka, Budi prvi tko označuje ovaj zapis!
|
MARC
| LEADER | 00000nam a2200000 a 4500 | ||
|---|---|---|---|
| 001 | UCR9728 | ||
| 003 | CL-VaPUC | ||
| 008 | 980613e19660000MX |||||||||||||||||spa|d | ||
| 082 | 0 | 4 | |a 338.9 |b BAL |2 21 |
| 100 | 0 | |a Balassa, Bela A |e author |9 412566 | |
| 245 | 1 | 0 | |a Futuro comercial de los países en desarrollo |
| 300 | |a 586 p | ||
| 942 | |c BK | ||
| 945 | |d 19980613 00:00:00 |a crobeson | ||
| 260 | |a Ciudad de México |b Fondo de Cultura Económica |c 1966 | ||
| 650 | 0 | |a Países en desarrollo |9 259663 | |
| 650 | 0 | |a Desarrollo económico y social |9 256320 | |
| 650 | 7 | |a COMERCIO INTERNACIONAL |2 CL-VaPUC |9 412567 | |
| 650 | 0 | |a Crecimiento económico |9 314037 | |
| 650 | 0 | |a Exportación |9 351066 | |
| 650 | 0 | |a Importación |9 378887 | |
| 650 | 7 | |a GANADO |2 CL-VaPUC |9 412568 | |
| 650 | 0 | |a Frutas y verduras |9 328040 | |
| 650 | 0 | |a Alimentos |9 256203 | |
| 650 | 7 | |a MATERIAS PRIMAS |2 CL-VaPUC |9 380358 | |
| 583 | |a last modification |c 19980613 00:00:00 |k Rodrigo Vera | ||
| 490 | 0 | |a Sección de Obras de Economía | |
| 999 | |c 270905 |d 270903 | ||
| 952 | |0 0 |1 0 |4 0 |6 338_900000000000000_BAL_1966 |7 0 |8 A |9 305361 |a BIBENE |b BIBENE |d 2019-11-20 |i 1418351 |o 338.9 BAL 1966 |p 1418351 |r 2025-01-15 |w 2019-11-20 |y BK |k ICO | ||